000 00630nam a2200217 a 4500
008
049 _aMAIN
090 _aQA76.7
_bSPL
245 1 0 _aS-plus 2000 programmer's guide /
_bMathSoft.
260 _aWashington :
_bData Analysis Products Division MathSoft,
_cc1999.
260 _aSeattle :
_bMathSoft,
_c1999.
300 _a868 p. :
_bill. ;
_c23 cm.
500 _aIncludes index.
650 1 _aProgramming Languages.
700 _aMathSoft.
907 _a.b10301409
_b21-02-13
_c12-10-11
003
005 20230123125329.0
040 _cNUST
942 _cBOOKS
_kQA76.7
_mSPL
999 _c139676
_d139676